Brasil hoy
Wedi'i Gadw mewn:
| Prif Awduron: | , , , , , , , , |
|---|---|
| Fformat: | Llyfr |
| Iaith: | Sbaeneg |
| Cyhoeddwyd: |
Ciudad de México
Siglo Veintiuno
1968
|
| Cyfres: | El mundo del hombre. Sociología y política
|
| Pynciau: | |
| Tagiau: |
Ychwanegu Tag
Dim Tagiau, Byddwch y cyntaf i dagio'r cofnod hwn!
|
MARC
| LEADER | 00000nam a2200000 a 4500 | ||
|---|---|---|---|
| 001 | UCX5696 | ||
| 003 | CL-VaPUC | ||
| 008 | 930108e19680000MX |||||||||||||||||spa|d | ||
| 082 | 0 | 4 | |a 306.0981 |b FUR |2 21 |
| 100 | 0 | |a Furtado, Celso |e author |9 322048 | |
| 700 | |a Jaguaribe, Helio |e author |9 566026 | ||
| 700 | 0 | |a Weffort, Francisco C |e author |9 322050 | |
| 700 | 0 | |a Cardoso, Fernando H |e author |9 322051 | |
| 700 | 0 | |a Fernández, Florestan |e author |9 322052 | |
| 700 | 0 | |a Callado, Antonio |e author |9 322053 | |
| 700 | 0 | |a Lopes, J. Leite |e author |9 322054 | |
| 700 | 0 | |a Carpeaux, Otto María |e author |9 322055 | |
| 700 | 0 | |a Bernardet, Jean-Claude |e author |9 322056 | |
| 245 | 1 | 0 | |a Brasil hoy |
| 300 | |a 215 p | ||
| 942 | |c BK | ||
| 945 | |d 19930108 00:00:00 | ||
| 260 | |a Ciudad de México |b Siglo Veintiuno |c 1968 | ||
| 650 | 0 | |a Desarrollo económico |9 259599 | |
| 650 | 0 | |a Aspectos políticos |9 257400 | |
| 650 | 0 | |a Condiciones económicas |9 258255 | |
| 651 | 0 | |a Brasil |9 267393 | |
| 583 | |a last modification |c 19930108 00:00:00 |k Rodrigo Vera | ||
| 490 | 0 | |a El mundo del hombre. Sociología y política | |
| 999 | |c 225892 |d 225890 | ||
| 952 | |0 0 |1 0 |4 0 |6 306_098100000000000_FUR_1968 |7 0 |8 A |9 223800 |a BIBHIS |b BIBHIS |d 2019-11-15 |i 2926296 |o 306.0981 FUR 1968 |p 2926296 |r 2025-01-20 |w 2019-11-15 |y BK |k HIS | ||